Vakyapadya 3rd Khanda, Paet Ii (Record no. 23797)

MARC details
000 -LEADER
fixed length control field 00367nam a2200133Ia 4500
008 - FIXED-LENGTH DATA ELEMENTS--GENERAL INFORMATION
fixed length control field 211109s9999||||xx |||||||||||||| ||und||
082 ## - DEWEY DECIMAL CLASSIFICATION NUMBER
Classification number 891.2
Item number RAV-V
100 ## - MAIN ENTRY--PERSONAL NAME
Personal name Ravi Varma, L A
245 #0 - TITLE STATEMENT
Title Vakyapadya 3rd Khanda, Paet Ii
260 ## - PUBLICATION, DISTRIBUTION, ETC.
Name of publisher, distributor, etc. Govt Press
Place of publication, distribution, etc. Thiruvananthapuram
Date of publication, distribution, etc. 1942
630 ## - SUBJECT ADDED ENTRY--UNIFORM TITLE
General subdivision General Stack
650 ## - SUBJECT ADDED ENTRY--TOPICAL TERM
Topical term or geographic name entry element Sanskrit Literature
942 ## - ADDED ENTRY ELEMENTS (KOHA)
Koha item type BOOK
650 ## - SUBJECT ADDED ENTRY--TOPICAL TERM
General subdivision Generalia
Holdings
Withdrawn status Lost status Damaged status Not for loan Home library Current library Date acquired Cost, normal purchase price Total Checkouts Full call number Barcode Shelving location Date last seen Price effective from Koha item type
        SB LIBRARY SB LIBRARY 09/11/2021 100.00   891.2 RAV-V 00024552 GENERAL STACK 09/11/2021 09/11/2021 BOOK

Powered by Koha